LEADER 01503oam 2200421 a 450 001 9910692514503321 005 20040728084524.0 035 $a(CKB)5470000002354313 035 $a(OCoLC)55857583 035 9 $aocm55857583 035 $a(OCoLC)995470000002354313 035 $a(EXLCZ)995470000002354313 100 $a20040707d2004 ua 0 101 0 $aeng 135 $aurmn|||||| 181 $ctxt$2rdacontent 182 $cc$2rdamedia 183 $acr$2rdacarrier 200 10$aFinancial management$b[electronic resource] $esome DOD contractors abuse the federal tax system with little consequence : report to congressional requesters 210 1$a[Washington, D.C.] :$cU.S. General Accounting Office,$d[2004] 300 $aTitle from title screen (viewed on July 7, 2004). 300 $a"February 2004." 300 $aPaper version available from: General Accounting Office, 441 G St., NW, Rm. LM, Washington, D.C. 20548. 300 $a"GAO-04-95." 320 $aIncludes bibliographical references. 517 $aFinancial management 606 $aGovernment contractors$xTaxation$zUnited States 606 $aDefense contracts$zUnited States$xEvaluation 615 0$aGovernment contractors$xTaxation 615 0$aDefense contracts$xEvaluation. 712 02$aUnited States.$bDepartment of Defense. 801 0$bESR 801 1$bESR 801 2$bGPO 906 $aBOOK 912 $a9910692514503321 996 $aFinancial Management$9424135 997 $aUNINA